Human rights and you (Запис № 281166)

МАРК-запис
000 -Лідер
fixed length control field 00729nam a22002297a 4500
001 - Контрольний номер
control field 132543573543543649
003 - Ідентифікатор контрольного номера
control field UA-OsUOA
005 - Дата та час останнього входження (трансакції)
control field 20220627162824.0
008 - Елементи даних фіксованої довжини – загальна інформація
fixed length control field 191009b un ||||| |||| 00| 0 ukr d
040 ## - Джерело каталогізації
Агенція оригінальної каталогізації UA-OsUOA
Мова каталогізації ukr
Агенція, яка здійснювала перезапис UA-OsUOA
Агенція, яка здійснювала модифікацію UA-OsUOA
041 ## - Код мови
Код мови тексту/ звукової доріжки чи окремого заголовка (П) eng
080 ## - Індекс Універсальної десяткової класифікації
Індекс Універсальної десяткової класифікації (УДК) (НП) 852
090 ## - Локальний шифр розміщення
Авторський знак (НП) QUI
100 ## - Основне введення – ім’я особи
Ім’я особи (НП) Quinn F.
245 ## - Відомості про назву
Назва (НП) Human rights and you
Дані про відповідальність (НП) Frederick Quinn
260 ## - Публікація, розповсюдження і т.п. (Вихідні дані)
Місце публікації, розповсюдження і т.п. (П) Warsaw
Ім’я/ наймення видавництва, розповсюджувача і т.п. (П) OSCE/ODIHR
Дата публікації, розповсюдження і т.п. (П) 1997
300 ## - Фізичний опис
Обсяг 252 p.
520 ## - Резюме і т.п.
Резюме, реферат, анотація, тощо (НП) This book is abou the main principals oh the human rights in the world and rights development in different countries and in different times.
650 ## - Додаткове предметне введення – тематичний термін
Тематичний термін чи географічна назва, як елемент введення (НП) Law
942 ## - Додаткові елементи входу (Коха)
Source of classification or shelving scheme Universal Decimal Classification
Тип елемента Koha Книги
Фонди
Стан вилучень Стан втрат Джерело класифікації або схеми стелажів Стан уражень Не для кредиту Постійне місце розташування Поточне розміщення Дата придбання Джерело придбання Кодування класифікатора місцеположення Вартість, звичайна ціна покупки Усього замовленно Повний номер виклику Штрих-код Дата останнього перегляду Ціна ефективна від Тип елемента Koha
    Universal Decimal Classification     ВІЛ - Відділ іноземн. літератури НБ ВІЛ - Відділ іноземн. літератури НБ 08/08/2005 Акт № 5\05 F34 4.00   852 207452 17/11/2021 26/12/2005 Книги
    Universal Decimal Classification     ВІЛ - Відділ іноземн. літератури НБ ВІЛ - Відділ іноземн. літератури НБ 08/08/2005 Акт № 5\05 F34 4.00   852 207453 23/11/2021 26/12/2005 Книги
    Universal Decimal Classification     ВІЛ - Відділ іноземн. літератури НБ ВІЛ - Відділ іноземн. літератури НБ 08/08/2005 Акт № 5\05 F34 3.00   81.2 201420 17/11/2021 26/12/2005 Книги
    Universal Decimal Classification     ВІЛ - Відділ іноземн. літератури НБ ВІЛ - Відділ іноземн. літератури НБ 08/08/2005 Акт № 5\05 F34 3.00   81.2 201421 17/11/2021 26/12/2005 Книги
    Universal Decimal Classification     ВІЛ - Відділ іноземн. літератури НБ ВІЛ - Відділ іноземн. літератури НБ 08/08/2005 Акт № 5\05 F34 3.00   81.2 201422 17/11/2021 26/12/2005 Книги
    Universal Decimal Classification     ВІЛ - Відділ іноземн. літератури НБ ВІЛ - Відділ іноземн. літератури НБ 08/08/2005 Акт № 5\05 F34 3.00   81.2 201423 17/11/2021 26/12/2005 Книги